Onde meto o meu nariz? (Registo nº 3706)

Detalhes MARC
000 -Etiqueta do registo
Cabeçalho 00727nam0a2200253 4500
005 - Identificador da versão
Campo de controlo 20240813122040.0
010 ## - Número internacional normalizado dos livros (ISBN)
Número (ISBN) 9722412922
021 ## - Número do Depósito Legal
Código do país PT
Número 201736/03
100 ## - Dados gerais de processamento
Dados gerais de processamento 20170511d2003 c y0pory5003 ba
102 ## - Pais de publicação ou produção
País de publicação Portugal
101 0# - Língua de publicação
Língua do texto, banda sonora, etc. Português
215 ## - Descrição física 
Indicação específica da natureza do documento e extensão da espécie [26] p.
Outras indicações físicas il. color
200 1# - Titulo e menção de responsabilidade
Título próprio Onde meto o meu nariz?
Primeira menção de responsabilidade Conceição Areias
Outras menções de responsabilidade il. de Catarina Cardoso
210 ## - Publicação, Distribuição, etc. 
Lugar da edição, distribuição, etc. Lisboa
Nome do editor, distribuidor, etc. Livros Horizonte
Data da publicação, distribuição, etc. 2003
300 ## - Notas gerais 
Texto da nota PNL
606 ## - Nome comum usado como assunto
Número de registo de entrada de autoridade 0001358
Palavra de ordem Literatura portuguesa
Subdivisão de assunto Poesia
Código do sistema CA
675 ## - Classificação Decimal Universal (CDU)
Notação 821.134.3-1
Edição 3ª ed.
Língua da edição por
702 #1 - Nome de autor-pessoa física (responsabilidade secundária)
Número de registo de entrada de autoridade 0000084
Palavra de ordem Cardoso
Outra parte do nome não tomada para palavra de ordem Catarina
Código de função Ilustrador / Técnico de desenho computorizado
700 #1 - Nome de autor-pessoa física (responsabilidade principal)
Número de registo de entrada de autoridade 0001839
Palavra de ordem Areias
Outra parte do nome não tomada para palavra de ordem Maria da Conceição
966 ## - Identificação da Biblioteca
Sigla EBVEN
942 ## - Elementos de entrada adicionados (Koha)
Tipo de item no Koha Livro
Exemplares
Situação do levantamento Origin of item (home branch) (coded) Biblioteca de empréstimo Código de barras Cota Circulation type (not for loan) Tipo de documento Nota do exemplar Damaged status
  Biblioteca Escolar das Vendas Biblioteca Escolar das Vendas BEV944 8POR ARE PNL   Livro Sem mensagem